| 000 | 00613nam a2200253Ia 4500 | ||
|---|---|---|---|
| 008 | 160803s9999 xx 000 0 und d | ||
| 020 | _a 978-0545270366 | ||
| 100 | _aMeadows, Daisy | ||
| 245 | _aAmelie the seal fairy / | ||
| 245 | _cby Daisy Meadows. | ||
| 260 | _aNew York : | ||
| 260 | _bScholastic Inc. | ||
| 260 | _c2010 | ||
| 300 | _a65 pages : | ||
| 300 | _billustrations, map ; | ||
| 300 | _c20 cm. | ||
| 440 | _aOcean Fairies : | ||
| 440 | _vbk. 2 | ||
| 650 | _aFairies -- | ||
| 650 | _aMagic -- | ||
| 650 | _xJuvenile fiction. | ||
| 650 | _xJuvenile fiction. | ||
| 700 | _a770 | ||
| 999 |
_c298352 _d298352 |
||